000 00776nam a22001815i 4500
001 161896
003 ES-MaACL
005 20230906212359.0
008 011113s1885 sp |||| | spa d
100 1 _aPérez Ortega, Arturo.
_991066
245 1 0 _aApuntes hidrológicos de las aguas sulfatadas-cálcicas-termales de La Isabela (Sacedón)
_b: 1885 /
_cpor su director Arturo Pérez Ortega.
260 _aMadrid :
_b[s.n.],
_c1885 (
_fEstab. Tip. de M. Minuesa)
300 _a156 p. ;
_c18 cm.
610 2 4 _aLa Isabela (Guadalajara)
_9144694
650 4 _aAguas minerales-
_zSacedón (Guadalajara)
_9135529
650 4 _aFuentes termales-
_zGuadalajara (Provincia)
_9172335
852 _aES-MaACL
_jT-479-F-1
_z- Enc. hol., falto de cub. original
_z- Enc. en un vol. facticio
999 _c161896
_d161896